Cataloguing practice : (Record no. 133689)
[ view plain ]
| 000 -LEADER | |
|---|---|
| fixed length control field | 00953nam a22002537a 4500 |
| 005 - DATE AND TIME OF LATEST TRANSACTION | |
| control field | 20170124110213.0 |
| 010 ## - LIBRARY OF CONGRESS CONTROL NUMBER | |
| LC control number | A-227007 |
| 020 ## - INTERNATIONAL STANDARD BOOK NUMBER | |
| Terms of availability | 150.00 |
| 035 ## - SYSTEM CONTROL NUMBER | |
| System control number | A-227007 |
| 037 ## - SOURCE OF ACQUISITION | |
| Source of stock number/acquisition | Cen Lib/Ret |
| 040 ## - CATALOGING SOURCE | |
| Original cataloging agency | DPL |
| Language of cataloging | EN |
| 082 ## - DEWEY DECIMAL CLASSIFICATION NUMBER | |
| Classification number | 025.3 |
| Item number | NOO |
| 100 ## - MAIN ENTRY--PERSONAL NAME | |
| Personal name | Noorul Hasan |
| 9 (RLIN) | 38645 |
| 245 ## - TITLE STATEMENT | |
| Title | Cataloguing practice : |
| Statement of responsibility, etc | by Noorul Hasan, Kamleshwar Nath [and] J. L. Sardana |
| Remainder of title | according to classified catalogue code (Ed 5) classified catalogue code (Ed 5) with Amendment of 1974, and anglo american cataloguing rules-I / |
| 260 ## - PUBLICATION, DISTRIBUTION, ETC. (IMPRINT) | |
| Place of publication, distribution, etc | New Delhi |
| Name of publisher, distributor, etc | Gitanjali Publishing House |
| Date of publication, distribution, etc | 1984 |
| 270 ## - ADDRESS | |
| Address | 2/12 Vikram Vihar |
| City | New Delhi |
| Postal code | 110033 |
| 300 ## - PHYSICAL DESCRIPTION | |
| Extent | viii,419p. : |
| Dimensions | 24cm(Hb) |
| Other physical details | ill. |
| 500 ## - GENERAL NOTE | |
| General note | Includes index |
| 650 ## - SUBJECT ADDED ENTRY--TOPICAL TERM | |
| Topical term or geographic name as entry element | Cataloging -- India -- Handbooks, manuals, etc |
| 9 (RLIN) | 38646 |
| 650 ## - SUBJECT ADDED ENTRY--TOPICAL TERM | |
| Topical term or geographic name as entry element | Classified catalogs. |
| 9 (RLIN) | 37097 |
| 700 ## - ADDED ENTRY--PERSONAL NAME | |
| Personal name | Nath, Kamleshwar |
| 9 (RLIN) | 38647 |
| 700 ## - ADDED ENTRY--PERSONAL NAME | |
| Personal name | Sardana, J L |
| 9 (RLIN) | 38648 |
| 942 ## - ADDED ENTRY ELEMENTS (KOHA) | |
| Source of classification or shelving scheme | Dewey Decimal Classification |
| Koha item type | English Books |
| Classification part | 025.3 |
| Call number suffix | NOO |
| Withdrawn status | Lost status | Damaged status | Not for loan | Home library | Current library | Date acquired | Source of acquisition | Cost, normal purchase price | Total Checkouts | Full call number | Barcode | Date last seen | Copy number | Cost, replacement price | Price effective from | Koha item type |
|---|---|---|---|---|---|---|---|---|---|---|---|---|---|---|---|---|
| Central Library | Central Library | 27/07/2015 | Cen Lib/Ret | 150.00 | 025.3 NOO | A-227007 | 27/07/2015 | 1 | 150.00 | 27/07/2015 | English Books |
